header

Walking on fire (Record no. 15093)

MARC details
000 -LEADER
fixed length control field 01687nam a2200373 a 4500
082 04 - DEWEY DECIMAL CLASSIFICATION NUMBER
Classification number 305.42/097294
100 1# - MAIN ENTRY--AUTHOR NAME
Personal name Bell, Beverly,
245 10 - TITLE STATEMENT
Title Walking on fire
260 ## - PUBLICATION, DISTRIBUTION, ETC. (IMPRINT)
Place of publication Ithaca, N.Y. :
Name of publisher Cornell University Press,
Year of publication 2001.
300 ## - PHYSICAL DESCRIPTION
Number of Pages xx, 258 p. :
Other physical details ill.
500 ## - GENERAL NOTE
General note First printing, Cornell Paperbacks, 2001.
505 0# - FORMATTED CONTENTS NOTE
Formatted contents note Resistance in survival -- Resistance as expression -- Resistance for political and economic change -- Resistance for gender justice -- Resistance transforming power -- Epilogue: resistance as solidarity.
650 #0 - SUBJECT ADDED ENTRY--TOPICAL TERM
Topical Term Women
Topical Term Women
856 40 - ELECTRONIC LOCATION AND ACCESS
Uniform Resource Identifier http://site.ebrary.com/lib/rucke/Doc?id=10746267

No items available.

© 2026 Rongo University
Contact us: librarian | system librarian | Rongo university